CCE Manual Science-IX-II (Record no. 4196)

MARC details
000 -LEADER
fixed length control field 00220nam a22000857a 4500
008 - FIXED-LENGTH DATA ELEMENTS--GENERAL INFORMATION
fixed length control field 161128b xxu||||| |||| 00| 0 eng d
100 ## - MAIN ENTRY--PERSONAL NAME
9 (RLIN) 1475
Personal name Bala.R.
245 ## - TITLE STATEMENT
Title CCE Manual Science-IX-II
260 ## - PUBLICATION, DISTRIBUTION, ETC. (IMPRINT)
Place of publication, distribution, etc. New Delhi
Name of publisher, distributor, etc. S. Chand
Date of publication, distribution, etc. 2011
Holdings
Withdrawn status Lost status Source of classification or shelving scheme Damaged status Koha normalized classification for sorting Not for loan Home library Current library Shelving location Date acquired Total Checkouts Full call number Barcode Date last seen Date last checked out Price effective from Koha item type Checked out
    Dewey Decimal Classification   300_000000000000000   Good Samaritan School Library Good Samaritan School Library Social Science 11/28/2016 3 300 BAL9427 02/19/2020 02/18/2020 11/28/2016 BOOK  
    Dewey Decimal Classification   300_000000000000000   Good Samaritan School Library Good Samaritan School Library Social Science 11/28/2016 7 300 BAL9428 01/21/2026 01/21/2026 11/28/2016 BOOK 01/28/2026

Powered by Koha